[Event "Baltic Sea Cup"]
[Site "Ronne"]
[Date "2007.08.03"]
[Round "6.56"]
[White "Dinesen, Erland"]
[Black "Holt, Michael"]
[Result "0-1"]
[WhiteElo "1586"]
[BlackElo "1000"]
[PlyCount "53"]
[EventDate "2007.??.??"]
[EventType "swiss"]
[EventRounds "9"]
[EventCountry "DEN"]
[SourceDate "2005.12.01"]
[WhiteTeam "Denmark"]
[BlackTeam "Denmark"]
[WhiteTeamCountry "DEN"]
[BlackTeamCountry "DEN"]

1. d4 g6 2. Nf3 Bg7 3. Bf4 d6 4. c3 Bd7 5. Nbd2 Nf6 6. e4 O-O 7. Bd3 e6 8. O-O
Ne8 9. Re1 c6 10. h3 d5 11. exd5 cxd5 12. Ne5 Bxe5 13. dxe5 Qh4 14. Bg3 Qg5 15.
Nf3 Qh6 16. Qb3 b6 17. c4 Nc7 18. Rad1 Nba6 19. cxd5 Nc5 20. Qa3 Nxd5 21. Bc4
Bc6 22. Rd4 Rad8 23. Bh4 Rd7 24. Bxd5 Bxd5 25. Bg5 Qg7 26. Bf6 Qh6 27. Rh4 0-1

[Event "Baltic Sea Cup"]
[Site "Ronne"]
[Date "2007.08.03"]
[Round "6.57"]
[White "Ronne Larsen, Dennis"]
[Black "Pedersen, Lasse"]
[Result "0-1"]
[WhiteElo "1000"]
[BlackElo "1062"]
[PlyCount "110"]
[EventDate "2007.??.??"]
[EventType "swiss"]
[EventRounds "9"]
[EventCountry "DEN"]
[SourceDate "2005.12.01"]
[WhiteTeam "Denmark"]
[BlackTeam "Denmark"]
[WhiteTeamCountry "DEN"]
[BlackTeamCountry "DEN"]

1. d4 c6 2. Bf4 d5 3. Bxb8 Rxb8 4. Nf3 Bf5 5. Nc3 e6 6. h4 h6 7. e3 Nf6 8. Be2
Be7 9. Ne5 Bd6 10. f4 Bxe5 11. fxe5 Ne4 12. Nxe4 Bxe4 13. Bf3 Bh7 14. Bh5 O-O
15. O-O Qxh4 16. Rf4 Qe7 17. Qf3 Be4 18. Qg3 Bf5 19. Raf1 g6 20. Bg4 Bxc2 21.
Bh5 Bf5 22. Qh4 Qxh4 23. Rxh4 gxh5 24. Rxh5 Kh7 25. Rf4 Bg6 26. Rh2 Kg7 27.
Rfh4 Rh8 28. b4 b6 29. R2h3 Rbc8 30. a4 c5 31. dxc5 bxc5 32. bxc5 Rxc5 33. Rb4
Be4 34. Rb5 Rxb5 35. axb5 Rb8 36. Rg3+ Kh7 37. Rh3 Rxb5 38. Rh2 a5 39. g4 Rb1+
40. Kf2 Rb2+ 41. Kg3 Rxh2 42. Kxh2 a4 43. Kh3 a3 44. Kh4 a2 45. g5 hxg5+ 46.
Kxg5 Kg7 47. Kf4 a1=Q 48. Kg3 Kh6 49. Kf2 Qa2+ 50. Kg3 Bh7 51. Kf3 Qa4 52. Kg3
Kg5 53. Kf2 Kg4 54. Ke2 Qa3 55. Kd2 Kf3 0-1

[Event "Baltic Sea Cup"]
[Site "Ronne"]
[Date "2007.08.03"]
[Round "6.27"]
[White "Ostergaard, Jens"]
[Black "Schiendorfer, Florian"]
[Result "1/2-1/2"]
[WhiteElo "2256"]
[BlackElo "2059"]
[PlyCount "111"]
[EventDate "2007.??.??"]
[EventType "swiss"]
[EventRounds "9"]
[EventCountry "DEN"]
[SourceDate "2005.12.01"]
[WhiteTeam "Denmark"]
[BlackTeam "Denmark"]
[WhiteTeamCountry "DEN"]
[BlackTeamCountry "DEN"]

1. d4 e6 2. c4 f5 3. Nf3 Nf6 4. g3 Bb4+ 5. Nbd2 O-O 6. Bg2 d6 7. O-O Bxd2 8.
Qxd2 Qe7 9. b3 e5 10. Bb2 e4 11. Ne1 Ng4 12. f3 e3 13. Qc3 Nf2 14. f4 Nd7 15.
Nc2 Re8 16. Nxe3 Qxe3 17. Qxe3 Rxe3 18. Kxf2 Re7 19. h3 Nf6 20. e3 Ne4+ 21.
Bxe4 Rxe4 22. Kf3 Bd7 23. g4 Rae8 24. Rae1 Kf7 25. Rg1 R8e7 26. d5 Kf8 27. Bd4
a6 28. Re2 g6 29. b4 Re8 30. Rc2 c6 31. dxc6 bxc6 32. c5 d5 33. a4 Rb8 34. Rb1
fxg4+ 35. hxg4 h5 36. gxh5 gxh5 37. Rg2 Bg4+ 38. Kg3 Kf7 39. Kh2 Kg6 40. Rbb2
Kf5 41. b5 axb5 42. axb5 cxb5 43. Rb4 Re6 44. Rc2 Rc6 45. Rcb2 h4 46. Rxb5 Rxb5
47. Rxb5 Ke4 48. Kg2 Ra6 49. Rb2 Bf5 50. Rc2 Rg6+ 51. Kh2 Kf3 52. Ra2 h3 53.
Rb2 Bd3 54. Rd2 Be4 55. Ra2 Rc6 56. Ra8 1/2-1/2

[Event "Baltic Sea Cup"]
[Site "Ronne"]
[Date "2007.08.03"]
[Round "6.49"]
[White "Jensen, Jan Kargaard"]
[Black "Simonsen, Per Barndorff"]
[Result "1-0"]
[WhiteElo "1894"]
[BlackElo "2023"]
[PlyCount "81"]
[EventDate "2007.??.??"]
[EventType "swiss"]
[EventRounds "9"]
[EventCountry "DEN"]
[SourceDate "2005.12.01"]
[WhiteTeam "Denmark"]
[BlackTeam "Denmark"]
[WhiteTeamCountry "DEN"]
[BlackTeamCountry "DEN"]

1. d4 Nf6 2. Bf4 e6 3. Nf3 c5 4. e3 cxd4 5. exd4 Nc6 6. c3 d5 7. Nbd2 Bd7 8.
Bd3 Be7 9. h3 Rc8 10. O-O h6 11. Ne5 g5 12. Bh2 Qb6 13. Rb1 a6 14. Re1 Nd8 15.
Ndf3 Bb5 16. Qe2 Bxd3 17. Qxd3 Ne4 18. Nd2 Nxd2 19. Qxd2 Qb5 20. Qe2 Qxe2 21.
Rxe2 b5 22. a3 Rg8 23. g4 f6 24. Nd3 Kd7 25. Rc1 Re8 26. b4 Rc6 27. Nc5+ Bxc5
28. dxc5 Nf7 29. f3 e5 30. Kf2 Ke6 31. Ra1 Rd8 32. a4 d4 33. axb5 axb5 34. Ra5
dxc3 35. Rxb5 Kd5 36. Rb7 Nh8 37. Ke1 Kc4 38. Bg1 Ra6 39. b5 Ra1+ 40. Kf2 Rdd1
41. Rb8 1-0

[Event "Baltic Sea Cup"]
[Site "Ronne"]
[Date "2007.08.03"]
[Round "7.2"]
[White "Rozentalis, Eduardas"]
[Black "Khenkin, Igor"]
[Result "1/2-1/2"]
[WhiteElo "2551"]
[BlackElo "2602"]
[PlyCount "41"]
[EventDate "2007.??.??"]
[EventType "swiss"]
[EventRounds "9"]
[EventCountry "DEN"]
[SourceDate "2005.12.01"]
[WhiteTeam "Denmark"]
[BlackTeam "Denmark"]
[WhiteTeamCountry "DEN"]
[BlackTeamCountry "DEN"]

1. e4 c6 2. d4 d5 3. exd5 cxd5 4. c4 Nf6 5. Nc3 Nc6 6. Nf3 Bg4 7. cxd5 Nxd5 8.
Qb3 Bxf3 9. gxf3 e6 10. Qxb7 Nxd4 11. Bb5+ Nxb5 12. Qc6+ Ke7 13. Qxb5 Qd7 14.
Nxd5+ Qxd5 15. Bg5+ f6 16. Qxd5 exd5 17. Be3 Ke6 18. O-O-O Bb4 19. a3 Rac8+ 20.
Kb1 Bc5 21. Rhe1 1/2-1/2

[Event "Baltic Sea Cup"]
[Site "Ronne"]
[Date "2007.08.03"]
[Round "7.3"]
[White "Hector, Jonny"]
[Black "Savchenko, Boris"]
[Result "1-0"]
[WhiteElo "2550"]
[BlackElo "2577"]
[PlyCount "77"]
[EventDate "2007.??.??"]
[EventType "swiss"]
[EventRounds "9"]
[EventCountry "DEN"]
[SourceDate "2005.12.01"]
[WhiteTeam "Denmark"]
[BlackTeam "Denmark"]
[WhiteTeamCountry "DEN"]
[BlackTeamCountry "DEN"]

1. e4 d5 2. exd5 Nf6 3. d4 Nxd5 4. c4 Nb6 5. Nf3 g6 6. Nc3 Bg7 7. Be3 O-O 8. h3
Nc6 9. Qd2 e5 10. d5 Ne7 11. g4 Qe8 12. O-O-O Bd7 13. Bh6 Bxh6 14. Qxh6 f6 15.
Qd2 Rd8 16. c5 Na4 17. Bc4 Kg7 18. g5 Nxc5 19. b4 Na4 20. gxf6+ Rxf6 21. Nxe5
Nb6 22. Ng4 Bxg4 23. hxg4 h5 24. Bb3 Nexd5 25. Bxd5 Nxd5 26. Nxd5 Qe5 27. Qd4
Qxd4 28. Rxd4 Rxf2 29. gxh5 Rxa2 30. Kb1 Ra6 31. h6+ Kh8 32. Re1 Rad6 33. Nf6
Rxd4 34. Re7 Rd1+ 35. Kc2 R1d2+ 36. Kb3 R8d3+ 37. Ka4 b5+ 38. Kxb5 c6+ 39. Ka6
1-0

[Event "Baltic Sea Cup"]
[Site "Ronne"]
[Date "2007.08.03"]
[Round "7.4"]
[White "Bromann, Thorbjorn"]
[Black "Kasparov, Sergey"]
[Result "0-1"]
[WhiteElo "2413"]
[BlackElo "2500"]
[PlyCount "74"]
[EventDate "2007.??.??"]
[EventType "swiss"]
[EventRounds "9"]
[EventCountry "DEN"]
[SourceDate "2005.12.01"]
[WhiteTeam "Denmark"]
[BlackTeam "Denmark"]
[WhiteTeamCountry "DEN"]
[BlackTeamCountry "DEN"]

1. e4 c6 2. d4 d5 3. f3 e6 4. Nc3 b6 5. Bf4 Bb4 6. Nge2 Ba6 7. Qd2 Ne7 8. O-O-O
Nd7 9. a3 Bxc3 10. Nxc3 Bxf1 11. Rhxf1 O-O 12. Bd6 Re8 13. g4 b5 14. Bxe7 Qxe7
15. Rde1 Nb6 16. exd5 cxd5 17. Nxb5 Nc4 18. Qb4 Qd7 19. b3 a5 20. Qc3 Rec8 21.
a4 Na3 22. Qxc8+ Rxc8 23. Nxa3 Qd6 24. Kb2 Qxh2 25. Rc1 h6 26. Kb1 Qe2 27. Rce1
Qg2 28. Rc1 g6 29. Nb5 Kg7 30. Rfd1 Qxf3 31. Nd6 Rf8 32. Rd3 Qf4 33. Nb5 Qxg4
34. c4 dxc4 35. bxc4 h5 36. c5 h4 37. c6 Qe4 0-1

[Event "Baltic Sea Cup"]
[Site "Ronne"]
[Date "2007.08.03"]
[Round "7.5"]
[White "Vera Gonzalez, Reynaldo"]
[Black "Zozulia, Anna"]
[Result "1-0"]
[WhiteElo "2479"]
[BlackElo "2332"]
[PlyCount "30"]
[EventDate "2007.??.??"]
[EventType "swiss"]
[EventRounds "9"]
[EventCountry "DEN"]
[SourceDate "2005.12.01"]
[WhiteTeam "Denmark"]
[BlackTeam "Denmark"]
[WhiteTeamCountry "DEN"]
[BlackTeamCountry "DEN"]

1. d4 Nf6 2. c4 g6 3. Nc3 Bg7 4. e4 d6 5. Bd3 O-O 6. Nge2 e5 7. d5 c6 8. O-O
cxd5 9. cxd5 Nbd7 10. Qc2 a5 11. Kh1 Nc5 12. f3 Bd7 13. Be3 Qc7 14. Qd2 b5 15.
Rac1 Rfc8 1-0

[Event "Baltic Sea Cup"]
[Site "Ronne"]
[Date "2007.08.03"]
[Round "7.6"]
[White "Jayaram, Ashwin"]
[Black "Rasmussen, Allan Stig"]
[Result "0-1"]
[WhiteElo "2399"]
[BlackElo "2450"]
[PlyCount "76"]
[EventDate "2007.??.??"]
[EventType "swiss"]
[EventRounds "9"]
[EventCountry "DEN"]
[SourceDate "2005.12.01"]
[WhiteTeam "Denmark"]
[BlackTeam "Denmark"]
[WhiteTeamCountry "DEN"]
[BlackTeamCountry "DEN"]

1. e4 c6 2. d4 d5 3. e5 Bf5 4. Nd2 e6 5. Nb3 Nd7 6. Be3 Ne7 7. Be2 Bg6 8. f4
Nf5 9. Bf2 h5 10. Nf3 Rc8 11. c3 Be7 12. O-O a6 13. Nc5 Qc7 14. b3 a5 15. Nxd7
Qxd7 16. c4 O-O 17. Qd2 b6 18. a3 {=} Qa7 19. b4 dxc4 20. Bxc4 Rfd8 21. Qb2 Nh6
22. Nh4 Bh7 23. bxa5 Qxa5 24. h3 c5 25. Be1 Qa4 26. Be2 cxd4 27. Bd1 Bc2 28.
Bxh5 g6 29. Bg4 Bb3 30. Rb1 Bc4 31. Rf3 Bd5 32. f5 exf5 33. Qd2 Nxg4 34. hxg4
Bxf3 35. Rxb6 Bxh4 36. Bxh4 Rc2 37. Qd3 Rxg2+ 38. Kf1 Be2+ 0-1

[Event "Baltic Sea Cup"]
[Site "Ronne"]
[Date "2007.08.03"]
[Round "7.7"]
[White "Jorgensen, Jorgen"]
[Black "Kristiansen, Jens"]
[Result "0-1"]
[WhiteElo "2250"]
[BlackElo "2436"]
[PlyCount "70"]
[EventDate "2007.??.??"]
[EventType "swiss"]
[EventRounds "9"]
[EventCountry "DEN"]
[SourceDate "2005.12.01"]
[WhiteTeam "Denmark"]
[BlackTeam "Denmark"]
[WhiteTeamCountry "DEN"]
[BlackTeamCountry "DEN"]

1. d4 f5 2. Nf3 Nf6 3. g3 g6 4. Bg2 Bg7 5. c4 O-O 6. Nc3 d6 7. O-O e6 8. b4 Ne4
9. Bb2 Nd7 10. Qc2 Nxc3 11. Bxc3 e5 12. dxe5 dxe5 13. Rfd1 Qe7 14. e4 f4 15.
gxf4 Rxf4 16. c5 Nf8 17. Bd2 Rf7 18. Ng5 Rf6 19. Qb3+ Kh8 20. Qg3 h6 21. Nf3 g5
22. Bc3 Rf4 23. Rd5 Ng6 24. Rad1 Rg4 25. Nxe5 Nf4 26. Qf3 Rxg2+ 27. Qxg2 Kh7
28. Qf3 Qf6 29. Rd7 Bxd7 30. Rxd7 Rf8 31. Kh1 Kg8 32. Bb2 Qe6 33. Qc3 Bxe5 34.
Qxe5 Qxd7 35. Qh8+ Kf7 0-1

[Event "Baltic Sea Cup"]
[Site "Ronne"]
[Date "2007.08.03"]
[Round "7.8"]
[White "Hansen, Sune Berg"]
[Black "Carstensen, Jacob"]
[Result "1/2-1/2"]
[WhiteElo "2574"]
[BlackElo "2304"]
[PlyCount "55"]
[EventDate "2007.??.??"]
[EventType "swiss"]
[EventRounds "9"]
[EventCountry "DEN"]
[SourceDate "2005.12.01"]
[WhiteTeam "Denmark"]
[BlackTeam "Denmark"]
[WhiteTeamCountry "DEN"]
[BlackTeamCountry "DEN"]

1. e4 c5 2. Ne2 d6 3. g3 Nc6 4. Bg2 g6 5. c3 Bg7 6. O-O e5 7. Na3 Nge7 8. Nc2
d5 9. exd5 Nxd5 10. d4 cxd4 11. cxd4 exd4 12. Nexd4 Nxd4 13. Nxd4 O-O 14. Nb3
Nb4 15. Be3 Nd3 16. Nc5 Nxc5 17. Bxc5 Re8 18. Qb3 Qa5 19. Rac1 Rb8 20. Qa3 Qxa3
21. bxa3 Bf8 22. Bxa7 Ra8 23. Bd4 Rxa3 24. Rc2 Be6 25. Re1 Rea8 26. Bxb7 Rxa2
27. Rcc1 Rd8 28. Be3 1/2-1/2

[Event "Baltic Sea Cup"]
[Site "Ronne"]
[Date "2007.08.03"]
[Round "7.9"]
[White "Hillarp Persson, Tiger"]
[Black "Hirneise, Tobias"]
[Result "1-0"]
[WhiteElo "2568"]
[BlackElo "2293"]
[PlyCount "78"]
[EventDate "2007.??.??"]
[EventType "swiss"]
[EventRounds "9"]
[EventCountry "DEN"]
[SourceDate "2005.12.01"]
[WhiteTeam "Denmark"]
[BlackTeam "Denmark"]
[WhiteTeamCountry "DEN"]
[BlackTeamCountry "DEN"]

1. d4 Nf6 2. c4 g6 3. Nc3 Bg7 4. e4 d6 5. Be2 O-O 6. Nf3 e5 7. O-O Nc6 8. d5
Ne7 9. Kh1 Kh8 10. a4 a5 11. Bg5 h6 12. Be3 Ng4 13. Bd2 f5 14. exf5 gxf5 15.
Nh4 Nf6 16. f4 Nd7 17. Be3 exf4 18. Bxf4 Ne5 19. Qd2 Kh7 20. Bd3 Nxd3 21. Qxd3
Ng8 22. Bg3 Qf6 23. Nb5 Rf7 24. Rf2 h5 25. Nf3 Qg6 26. Bf4 Bf6 27. Raf1 Bd8 28.
h4 Bd7 29. Bg5 Nf6 30. Bxf6 Rxf6 31. Ng5+ Kg8 32. Nd4 f4 33. Qd2 Be7 34. Nde6
Bxe6 35. Nxe6 Rxe6 36. dxe6 Bxh4 37. Rxf4 Bg5 38. e7 Bxf4 39. Qxf4 Re8 1-0

[Event "Baltic Sea Cup"]
[Site "Ronne"]
[Date "2007.08.03"]
[Round "7.10"]
[White "Coleman, Teddy"]
[Black "Pilgaard, Kim"]
[Result "0-1"]
[WhiteElo "2239"]
[BlackElo "2448"]
[PlyCount "72"]
[EventDate "2007.??.??"]
[EventType "swiss"]
[EventRounds "9"]
[EventCountry "DEN"]
[SourceDate "2005.12.01"]
[WhiteTeam "Denmark"]
[BlackTeam "Denmark"]
[WhiteTeamCountry "DEN"]
[BlackTeamCountry "DEN"]

1. d4 Nf6 2. c4 e6 3. Nc3 c5 4. d5 exd5 5. cxd5 d6 6. e4 g6 7. Nge2 Bg7 8. Ng3
O-O 9. Be2 a6 10. a4 h5 11. O-O Nh7 12. Be3 h4 13. Nh1 f5 14. f4 fxe4 15. Nxe4
Bf5 16. Nhf2 Re8 17. Bd3 Nd7 18. Bd2 Bd4 19. Kh1 Ndf6 20. Qc2 Qd7 21. Bc3 Bxc3
22. bxc3 b5 23. axb5 axb5 24. c4 b4 25. Ng5 Nxg5 26. fxg5 Nh7 27. Rxa8 Rxa8 28.
Ne4 Ra3 29. g4 hxg3 30. Nf6+ Nxf6 31. Bxf5 gxf5 32. gxf6 Qh7 33. f7+ Kf8 34.
Qe2 Qxh2+ 35. Qxh2 gxh2 36. Kxh2 b3 0-1

[Event "Baltic Sea Cup"]
[Site "Ronne"]
[Date "2007.08.03"]
[Round "7.11"]
[White "Glud, Jakob Vang"]
[Black "Bach, Matthias"]
[Result "1/2-1/2"]
[WhiteElo "2435"]
[BlackElo "2301"]
[PlyCount "68"]
[EventDate "2007.??.??"]
[EventType "swiss"]
[EventRounds "9"]
[EventCountry "DEN"]
[SourceDate "2005.12.01"]
[WhiteTeam "Denmark"]
[BlackTeam "Denmark"]
[WhiteTeamCountry "DEN"]
[BlackTeamCountry "DEN"]

1. c4 e6 2. Nf3 d5 3. d4 c5 4. cxd5 exd5 5. g3 Nc6 6. Bg2 Nf6 7. O-O Be7 8. Nc3
O-O 9. Be3 c4 10. Ne5 Bf5 11. Qa4 Nb4 12. Rfc1 a6 13. Qd1 Rc8 14. Bg5 Be6 15.
a3 Nc6 16. Nxc6 Rxc6 17. Bxf6 Bxf6 18. e4 dxe4 19. d5 Bxc3 20. dxc6 Bxb2 21.
Qxd8 Rxd8 22. Rd1 Re8 23. cxb7 Bxa1 24. Rxa1 f5 25. f3 Bd5 26. fxe4 Bxb7 27.
exf5 Bxg2 28. Kxg2 Re2+ 29. Kf3 Rxh2 30. Rc1 Ra2 31. Rxc4 {=} Rxa3+ 32. Kf4 h6
33. Rc8+ Kh7 34. Rc7 Kg8 1/2-1/2

[Event "Baltic Sea Cup"]
[Site "Ronne"]
[Date "2007.08.03"]
[Round "7.12"]
[White "Lund, Esben"]
[Black "Aabling Thomsen, Jakob"]
[Result "1-0"]
[WhiteElo "2396"]
[BlackElo "2242"]
[PlyCount "95"]
[EventDate "2007.??.??"]
[EventType "swiss"]
[EventRounds "9"]
[EventCountry "DEN"]
[SourceDate "2005.12.01"]
[WhiteTeam "Denmark"]
[BlackTeam "Denmark"]
[WhiteTeamCountry "DEN"]
[BlackTeamCountry "DEN"]

1. d4 Nf6 2. c4 g6 3. Nc3 Bg7 4. e4 d6 5. Be2 O-O 6. Nf3 Na6 7. O-O e5 8. Re1
exd4 9. Nxd4 Nc5 10. Bf1 Re8 11. f3 Nh5 12. Be3 f5 13. exf5 gxf5 14. Nxf5 Bxf5
15. Qd5+ Kh8 16. Qxf5 Re5 17. Qh3 Qe8 18. Kf2 Qg6 19. Qg4 Qxg4 20. fxg4 Rf8+
21. Kg1 Rxe3 22. Rxe3 Bd4 23. Rae1 Nf6 24. h3 Re8 25. Nd1 Na4 26. b3 Nb2 27.
Kh2 Bxe3 28. Nxe3 Nd1 29. Rxd1 Rxe3 30. Bd3 Nd7 31. Bf5 Nc5 32. b4 Na6 33. c5
Nxb4 34. cxd6 cxd6 35. Rxd6 Re7 36. h4 Kg7 37. h5 Nc6 38. h6+ Kf8 39. g5 a5 40.
a4 Ke8 41. g6 hxg6 42. Bxg6+ Kf8 43. Rf6+ Kg8 44. h7+ Kg7 45. Rf8 Kxg6 46. h8=Q
Rh7+ 47. Qxh7+ Kxh7 48. Rf7+ 1-0

[Event "Baltic Sea Cup"]
[Site "Ronne"]
[Date "2007.08.03"]
[Round "7.13"]
[White "Matthiesen, Martin"]
[Black "Kasparova, Tatiana"]
[Result "1-0"]
[WhiteElo "2363"]
[BlackElo "2217"]
[PlyCount "59"]
[EventDate "2007.??.??"]
[EventType "swiss"]
[EventRounds "9"]
[EventCountry "DEN"]
[SourceDate "2005.12.01"]
[WhiteTeam "Denmark"]
[BlackTeam "Denmark"]
[WhiteTeamCountry "DEN"]
[BlackTeamCountry "DEN"]

1. e4 d6 2. d4 Nf6 3. Nc3 e5 4. dxe5 dxe5 5. Qxd8+ Kxd8 6. Bg5 Be6 7. O-O-O+
Nbd7 8. f4 exf4 9. Nf3 h6 10. Bxf4 c6 11. Nd4 Bb4 12. Nxe6+ fxe6 13. Bc4 Re8
14. Rhf1 Kc8 15. Bg3 b5 16. Bb3 Nc5 17. e5 Nxb3+ 18. axb3 Nd5 19. Rf7 Re7 20.
Nxd5 cxd5 21. Rxe7 Bxe7 22. Rf1 Kd7 23. Rf7 Rg8 24. Bh4 g5 25. Be1 Ke8 26. Rh7
g4 27. Kd1 Rg6 28. Ke2 Rg5 29. Bg3 h5 30. Rxe7+ 1-0

[Event "Baltic Sea Cup"]
[Site "Ronne"]
[Date "2007.08.03"]
[Round "7.14"]
[White "Brinck Claussen, Bjorn"]
[Black "Wiwe, Andreas"]
[Result "1-0"]
[WhiteElo "2324"]
[BlackElo "2187"]
[PlyCount "61"]
[EventDate "2007.??.??"]
[EventType "swiss"]
[EventRounds "9"]
[EventCountry "DEN"]
[SourceDate "2005.12.01"]
[WhiteTeam "Denmark"]
[BlackTeam "Denmark"]
[WhiteTeamCountry "DEN"]
[BlackTeamCountry "DEN"]

1. e4 c5 2. Nf3 d6 3. d4 cxd4 4. Nxd4 Nf6 5. Nc3 a6 6. f4 e6 7. Be2 Be7 8. O-O
O-O 9. Be3 Nc6 10. a4 Qc7 11. Kh1 Re8 12. Qe1 Bd7 13. Qg3 Bf8 14. Nf3 Rad8 15.
e5 Nd5 16. Nxd5 exd5 17. Bd3 dxe5 18. fxe5 g6 19. Bg5 Be7 20. Qh4 Be6 21. Bxe7
Qxe7 22. Ng5 h5 23. Rae1 Rd7 24. Qg3 Kh8 25. Rf6 Qb4 26. Ref1 Qg4 27. Qe3 Kg7
28. h3 d4 29. Nxe6+ Rxe6 30. Qf2 Qg5 31. Rxf7+ 1-0

[Event "Baltic Sea Cup"]
[Site "Ronne"]
[Date "2007.08.03"]
[Round "7.15"]
[White "Zhao, Parker"]
[Black "Cabrera Trujillo, Jorge"]
[Result "0-1"]
[WhiteElo "2180"]
[BlackElo "2324"]
[PlyCount "134"]
[EventDate "2007.??.??"]
[EventType "swiss"]
[EventRounds "9"]
[EventCountry "DEN"]
[SourceDate "2005.12.01"]
[WhiteTeam "Denmark"]
[BlackTeam "Denmark"]
[WhiteTeamCountry "DEN"]
[BlackTeamCountry "DEN"]

1. e4 c5 2. Nf3 d6 3. c3 Nf6 4. Be2 b6 5. O-O Bb7 6. d3 g6 7. Bg5 Bg7 8. Qc1 h6
9. Be3 Nbd7 10. h3 Qc7 11. c4 e6 12. Nc3 a6 13. Re1 g5 14. Nh2 e5 15. Nf1 Nf8
16. Ng3 Ng6 17. Nf5 Bf8 18. Bf1 Ne7 19. Nxe7 Bxe7 20. g4 Nd7 21. Ne2 Nf8 22.
Ng3 Ne6 23. Nf5 h5 24. f3 Rh7 25. Bf2 Kd7 26. Bg3 Rah8 27. Kf2 hxg4 28. hxg4
Nf4 29. Qc3 Qd8 30. Qb3 Kc7 31. Rad1 Qf8 32. Ke3 Bc8 33. Nxe7 Qxe7 34. Qc2 Ne6
35. Bg2 Nd4 36. Qf2 Qf6 37. Rh1 Rxh1 38. Rxh1 Be6 39. Rxh8 Qxh8 40. Kd2 a5 41.
Kd1 Qe8 42. b3 Qc8 43. Qd2 f6 44. Bf2 Nc6 45. a4 Bxg4 46. Qe1 Be6 47. Qh1 Qf8
48. Qh7+ Ne7 49. Kd2 Qf7 50. Qh8 Bc8 51. Bf1 Ng6 52. Qh5 Qg7 53. Bg3 Kd8 54.
Bg2 Ke7 55. Bf1 Nf8 56. Bh3 Bxh3 57. Qxh3 Qh7 58. Qxh7+ Nxh7 59. Ke3 Nf8 60.
Kd2 Ne6 61. Bf2 Kf7 62. Be3 Kg6 63. Ke2 Kh5 64. Kf2 Kh4 65. Kg2 Nf4+ 66. Bxf4
exf4 67. Kh2 g4 0-1

[Event "Baltic Sea Cup"]
[Site "Ronne"]
[Date "2007.08.03"]
[Round "7.16"]
[White "Kleiman, Jake"]
[Black "Salama, Omar"]
[Result "1/2-1/2"]
[WhiteElo "2312"]
[BlackElo "2173"]
[PlyCount "97"]
[EventDate "2007.??.??"]
[EventType "swiss"]
[EventRounds "9"]
[EventCountry "DEN"]
[SourceDate "2005.12.01"]
[WhiteTeam "Denmark"]
[BlackTeam "Denmark"]
[WhiteTeamCountry "DEN"]
[BlackTeamCountry "DEN"]

1. e4 c5 2. Nf3 Nc6 3. d4 cxd4 4. Nxd4 Nf6 5. Nc3 e5 6. Ndb5 d6 7. Bg5 a6 8.
Na3 b5 9. Nd5 Qa5+ 10. Bd2 Qd8 11. Bg5 Qa5+ 12. Bd2 Qd8 13. Bd3 Nxd5 14. exd5
Ne7 15. c4 g6 16. O-O Bg7 17. cxb5 O-O 18. Qb3 Rb8 19. Bb4 Bb7 20. Rfd1 Nxd5
21. Be4 Nxb4 22. Qxb4 Qh4 23. f3 d5 24. g3 Qf6 25. Bxd5 Bxd5 26. Rxd5 Qxf3 27.
Qb3 Qe4 28. Rf1 Bh6 29. h4 Be3+ 30. Kh2 Bd4 31. Qf3 Qxf3 32. Rxf3 axb5 33. Nxb5
Bxb2 34. Rb3 Bd4 35. Nxd4 exd4 36. Rxd4 Ra8 37. a4 Ra7 38. Kg2 Rfa8 39. Ra3 Kg7
40. Kf3 h5 41. Ke3 f6 42. Kd3 g5 43. Kc3 Kg6 44. Kb4 Rb8+ 45. Kc4 Rg8 46. Kb5
Rb8+ 47. Kc6 Rba8 48. Kb6 Ra5 49. Rc4 1/2-1/2

[Event "Baltic Sea Cup"]
[Site "Ronne"]
[Date "2007.08.03"]
[Round "7.17"]
[White "Glibstrup, Michael"]
[Black "Palm, Nicolaj Lars"]
[Result "1/2-1/2"]
[WhiteElo "1969"]
[BlackElo "2308"]
[PlyCount "54"]
[EventDate "2007.??.??"]
[EventType "swiss"]
[EventRounds "9"]
[EventCountry "DEN"]
[SourceDate "2005.12.01"]
[WhiteTeam "Denmark"]
[BlackTeam "Denmark"]
[WhiteTeamCountry "DEN"]
[BlackTeamCountry "DEN"]

1. Nf3 d5 2. d4 e6 3. Bf4 Nf6 4. e3 b6 5. Bd3 Be7 6. Nbd2 Bb7 7. c3 c5 8. Ne5
O-O 9. h4 Ne4 10. Qc2 f6 11. Nef3 f5 12. Bxe4 fxe4 13. Ng5 Qc8 14. Qd1 Bxg5 15.
hxg5 Qe8 16. Qg4 Qg6 17. O-O-O Nd7 18. Rh4 Rf5 19. Rdh1 Nf8 20. Qh3 Rd8 21. Nf1
Ba6 22. Ng3 Rf7 23. Nh5 cxd4 24. Nf6+ gxf6 25. gxf6 Qxf6 26. Qg3+ Rg7 27. Be5
Qg5 1/2-1/2

[Event "Baltic Sea Cup"]
[Site "Ronne"]
[Date "2007.08.03"]
[Round "7.18"]
[White "Stovring, Claus"]
[Black "Lauridsen, Jesper Morch"]
[Result "0-1"]
[WhiteElo "2089"]
[BlackElo "2302"]
[PlyCount "78"]
[EventDate "2007.??.??"]
[EventType "swiss"]
[EventRounds "9"]
[EventCountry "DEN"]
[SourceDate "2005.12.01"]
[WhiteTeam "Denmark"]
[BlackTeam "Denmark"]
[WhiteTeamCountry "DEN"]
[BlackTeamCountry "DEN"]

1. e4 c5 2. Nf3 g6 3. Bc4 Bg7 4. O-O Nc6 5. c3 Qc7 6. d3 Nf6 7. Re1 O-O 8. Nbd2
d6 9. h3 Na5 10. a4 Nxc4 11. Nxc4 e5 12. Be3 Be6 13. Na3 h6 14. b4 b6 15. Nb5
Qe7 16. bxc5 bxc5 17. Re2 a6 18. Na3 Rab8 19. Qc1 Kh7 20. Rb2 Rxb2 21. Qxb2 Nh5
22. Rb1 f5 23. Qb7 Qf6 24. Qxa6 fxe4 25. dxe4 Bxh3 26. Qe2 Bg4 27. a5 d5 28.
Rb6 Qe7 29. exd5 e4 30. Qc2 Bxf3 31. gxf3 Rxf3 32. Kf1 Qf7 33. Ke1 Qxd5 34. a6
Rh3 35. Rb7 Rh1+ 36. Ke2 Ng3+ 37. fxg3 Qh5+ 38. Kd2 Qh2+ 39. Bf2 Qxf2# 0-1

[Event "Baltic Sea Cup"]
[Site "Ronne"]
[Date "2007.08.03"]
[Round "7.19"]
[White "Christiansen, Jens Jorgen"]
[Black "Hagen, Andreas Skytte"]
[Result "1/2-1/2"]
[WhiteElo "2159"]
[BlackElo "2256"]
[PlyCount "132"]
[EventDate "2007.??.??"]
[EventType "swiss"]
[EventRounds "9"]
[EventCountry "DEN"]
[SourceDate "2005.12.01"]
[WhiteTeam "Denmark"]
[BlackTeam "Denmark"]
[WhiteTeamCountry "DEN"]
[BlackTeamCountry "DEN"]

1. d4 Nf6 2. c4 e6 3. Nf3 b6 4. g3 Ba6 5. Qa4 c5 6. Bg2 Bb7 7. dxc5 bxc5 8. Nc3
Qb6 9. O-O Be7 10. Qc2 Nc6 11. e3 O-O 12. b3 Nb4 13. Qb1 Bc6 14. a3 Na6 15. Qc2
Nc7 16. e4 Qb7 17. Ne5 Rab8 18. Nxc6 dxc6 19. Rb1 e5 20. Bh3 Ne6 21. Bxe6 fxe6
22. Na4 Rfd8 23. Be3 Rd4 24. Bxd4 exd4 25. e5 Ne8 26. Qe4 a5 27. f4 g6 28. Rf3
Ng7 29. g4 Rf8 30. Kg2 Qd7 31. Nb2 Qb7 32. Qc2 Rb8 33. Nd3 Bf8 34. Rff1 Qe7 35.
Qf2 Qd7 36. Qf3 Rb6 37. Rb2 Qb7 38. Rff2 Qa6 39. Rfc2 Rb8 40. Qe2 Qa7 41. Nf2
Be7 42. Ne4 Rf8 43. Nf6+ Bxf6 44. exf6 Rxf6 45. Qe5 Rf8 46. Qd6 Qb7 47. Rf2 Qb6
48. b4 cxb4 49. axb4 axb4 50. Rxb4 Qd8 51. Qe5 Qe7 52. c5 h5 53. g5 Nf5 54.
Rfb2 Qd7 55. Rb8 Qd5+ 56. Qxd5 exd5 57. Kf2 d3 58. Rxf8+ Kxf8 59. Rd2 Ke7 60.
Rxd3 Ke6 61. Kf3 Nh4+ {=} 62. Ke2 Kf5 63. Rd4 Ng2 64. Kf3 Ne1+ 65. Kf2 Nc2 66.
Rd2 Na3 1/2-1/2